| 000 | 01030cab a2200229 4500 | ||
|---|---|---|---|
| 001 | ABS57789 | ||
| 008 | 090401t1997 xxu||||| |||| 00| 0 eng d | ||
| 035 | _a(Sirsi) u81819 | ||
| 041 | _aeng | ||
| 245 | _aRegina v Beedie | ||
| 260 | _c1997 | ||
| 350 | _a0 | ||
| 490 |
_aWeekly Law Reports _v[1997] 3 WLR 758-767(10) |
||
| 520 | _aCA 11 March 1997. Landlord was convicted for breach of duty under the Health and Safety at Work etc. Act 1974 following the carbon monoxide poisoning of a woman using a defective gas fire. The defendant was later charged with manslaughter. The Judge rejected an application to stay the indictment on the ground of autrefois convict and the defendant pleaded guilty. On appeal on the grounds that the judge erred in law, the appeal was allowed and the conviction quashed. | ||
| 650 | _aBREACH OF DUTY | ||
| 650 | _aCARBON MONOXIDE POISONING | ||
| 650 | _aHEALTH AND SAFETY AT WORK ETC ACT 1974 | ||
| 650 | _aMANSLAUGHTER | ||
| 690 | _aLAW-CASE LAW | ||
| 942 | _n0 | ||
| 948 | _c30/10/1997 | ||
| 999 |
_c51593 _d51593 |
||